| 000 | 00829cam a22002411 4500 | ||
|---|---|---|---|
| 001 | gs 32000031 | ||
| 003 | DLC | ||
| 005 | 20260227111336.0 | ||
| 008 | 750929s1931 ctua b s001 0 eng | ||
| 010 | _ags 32000031 | ||
| 035 | _a(OCoLC)1661438 | ||
| 040 |
_aDLC _cCtHT _dDLC |
||
| 042 | _apremarc | ||
| 050 | 0 | 0 |
_aQE375 _b.S27 |
| 100 | 1 |
_aSchairer, John Frank, _d1904-1970. |
|
| 245 | 1 | 4 |
_aThe minerals of Connecticut, _cby John Frank Schairer. |
| 260 |
_aHartford, _bPrinted by the State Geological and Natural History Survey, _c1931. |
||
| 300 |
_a121 p. incl. illus., tables. _c25 cm. |
||
| 410 | 2 | 0 |
_aState Geological and Natural History Survey of Connecticut. _tBulletin _vno. 51 |
| 500 | _aState of Connecticut. Public document no. 47. | ||
| 504 | _aBibliography: p.[113]-117. | ||
| 650 | 0 |
_aMineralogy _zConnecticut. |
|
| 999 |
_c26934 _d26934 |
||